000
00294nam a2200097Ia 4500
008
220204s9999 xx 000 0 und d
082
_a
NR:631.35THA
_b
RUB.20
245
0
_a
Rubber tappers' directory: Thaliparambu region
260
_a
Kottayam
_b
Rubber Research Institute of India
_c
2014
942
_c
BK
999
_c
44648
_d
44648